Η παράκτια ζώνη του Κορινθιακού κόλπου (Βόρειο τμήμα, Γαλαξίδι Αντικύρα) : εκτίμηση της οικολογικής κατάστασης και εφαρμογή μεθόδων ολοκληρωμένης διαχείρισης : διατριβή εξειδίκευσης

Αποθηκεύτηκε σε:
Λεπτομέρειες βιβλιογραφικής εγγραφής
Κύριος συγγραφέας: Κόττης, Γεώργιος
Συγγραφή απο Οργανισμό/Αρχή: Πανεπιστήμιο Αιγαίου Σχολή Περιβάλλοντος Τμήμα Επιστημών της Θάλασσας Πρόγραμμα Μεταπτυχιακών Σπουδών Διαχείριση Παράκτιων Περιοχών
Άλλοι συγγραφείς: Κουτσούμπας, Δρόσος (Εισηγητής διατριβής)
Μορφή: Thesis Βιβλίο
Γλώσσα:Greek
Δημοσίευση: 2007
Θέματα:
Ετικέτες: Προσθήκη ετικέτας
Δεν υπάρχουν, Καταχωρήστε ετικέτα πρώτοι!

MARC

LEADER 00000cam a2200000 i 4500
001 1/106117
008 090615s2007 gre d
035 |l 10105084 
040 |a GR-MY-UA  |b gre  |e aacr 
041 0 |a gre 
082 0 |a 333.7  |2 (22) 
100 1 |a Κόττης, Γεώργιος. 
245 1 2 |a Η παράκτια ζώνη του Κορινθιακού κόλπου (Βόρειο τμήμα, Γαλαξίδι Αντικύρα) :  |b εκτίμηση της οικολογικής κατάστασης και εφαρμογή μεθόδων ολοκληρωμένης διαχείρισης : διατριβή εξειδίκευσης /  |c Κόττης Γεώργιος ; επιβλέπων: Δρόσος Κουτσούμπας 
260 |c 2007 
300 |a 159 σ.;  |c 30 εκ. 
502 # # |a Διατριβή (μεταπτυχιακή) – Πανεπιστήμιο Αιγαίου, Λέσβος, 2007. 
504 |a Βιβλιογραφία: σ. 153-159 
650 0 0 |a Coastal zone management  |z Greece  |z Corinth. 
650 0 0 |a Sustainable development  |z Greece  |z Corinth. 
650 0 0 |a Dissertations, Academic  |z Greece. 
651 0 |a Corinth (Greece)  |x Environmental conditions. 
700 1 |4 ths  |a Κουτσούμπας, Δρόσος. 
710 2 |a Πανεπιστήμιο Αιγαίου  |b Σχολή Περιβάλλοντος  |b Τμήμα Επιστημών της Θάλασσας  |b Πρόγραμμα Μεταπτυχιακών Σπουδών Διαχείριση Παράκτιων Περιοχών. 
852 |a INST  |b LESVOS  |c DIATR  |e 20090615  |h 107  |p 005100045576  |q 005100045576  |t MTXE  |y 23 
852 |a INST  |b LESVOS  |c DIATR  |e 20090615  |h 108  |p 005100045577  |q 005100045577  |t MTXE  |y 23 
901 |a BIBL1-2009-2 
909 |a Λ  |b 140904 
909 |a Λ  |b 140903 
924 |a ΚΟΤΤΗΣ  |b ΓΕΩΡΓΙΟΣ  |y ΛΕΣΒΟΣ  |z 2007-11 
970 |a ΤΖΑΦΕΡΗ  |b ΕΥΑΓΓΕΛΙΑ  |z 2009/06/15